| 000 | 00458nam a22001697a 4500 | ||
|---|---|---|---|
| 005 | 20250911114922.0 | ||
| 008 | 250910b |||||||| |||| 00| 0 eng d | ||
| 020 | _a978-93-91211-35-6 | ||
| 041 | _aeng | ||
| 082 | _a346.078 KUM-K | ||
| 100 |
_aKUMAR, NARENDER _98681 |
||
| 245 | _aKEY TO INSOLVENCY AND BANKRUPTCY CODE: PRACTICE AND PROCEDURES | ||
| 260 |
_aGURGAON _bLEXIS NEXIS _c2022 |
||
| 300 | _a372;P | ||
| 650 |
_aLEGAL STUDIES _98608 |
||
| 942 | _cBK | ||
| 999 |
_c8812 _d8810 |
||